| 000 | 01015nam a2200325 4500 | ||
|---|---|---|---|
| 003 | EG-GICUC | ||
| 005 | 20260404140719.0 | ||
| 008 | 260404s1976 nyu||||fr|||| 00| 0 eng d | ||
| 040 |
_aEG-GiCUC _beng _cEG-GiCUC _dEG-GiCUC _erda |
||
| 041 |
_aeng _heng |
||
| 082 | 0 | 4 |
_221 _a341.48 _bUN.R |
| 092 | 0 | 4 | _221 |
| 099 | _aLaw1 11 341.48 UN.R 1976 | ||
| 110 |
_kUnited Nations _eAuthor. |
||
| 245 |
_aReport Of The World Conference Of The International Women's Year : _bMexico City, 19 June -2 July 1975 / _cUnited Nations . |
||
| 264 |
_aNew York : _bUnited Nations , _c1976 . |
||
| 300 |
_a199 pages , _c24 cm |
||
| 336 |
_2rda content _atext |
||
| 337 |
_2rda media _aComputer |
||
| 338 |
_2rda carrier _aOnline Resource |
||
| 546 | _aText in English | ||
| 650 | 1 | _aInternational law | |
| 650 | 1 | _aPublic international law | |
| 650 | 1 | _aHuman rights | |
| 650 | 1 | _aWomen | |
| 651 | 1 | _2qrmak | |
| 856 | 4 | 0 | _uhttps://fll.law.cu.edu.eg/fulltext/bks/B11-07930.pdf |
| 905 | _a60 | ||
| 942 |
_2ddc _n0 _cBK _e21 |
||
| 999 |
_c68575 _d68575 |
||